[Event "Speed Chess Invitational"]
[Site "chess.com INT"]
[Date "2020.10.25"]
[Round "3.4"]
[White "Grischuk, Alexander"]
[Black "Duda, Jan-Krzysztof"]
[Result "1/2-1/2"]
[WhiteTitle "GM"]
[BlackTitle "GM"]
[WhiteElo "2777"]
[BlackElo "2757"]
[WhiteFideId "4126025"]
[BlackFideId "1170546"]
[EventDate "2020.10.25"]

1. d4 d5 2. c4 c6 3. Nf3 Nf6 4. e3 e6 5. Bd3 b6 6. O-O Bb7 7. b3 Nbd7 8. Bb2 Bd6
9. Nbd2 O-O 10. Qe2 Qe7 11. Rad1 e5 12. dxe5 Nxe5 13. Bxe5 Bxe5 14. Nxe5 Qxe5
15. cxd5 Nxd5 16. Nc4 Qe7 17. Qc2 g6 18. Be2 c5 19. a3 Nf6 20. Bf3 Bxf3 21. gxf3
Rad8 22. Rxd8 Rxd8 23. Rd1 b5 24. Rxd8+ Qxd8 25. Nd2 Qd5 26. Qc3 Nd7 27. Ne4 f5
28. Nf6+ Nxf6 29. Qxf6 Qxf3 30. Qe6+ Kg7 31. Qe7+ Kh6 32. Qxc5 Qg4+ 33. Kf1 Qd1+
34. Kg2 Qg4+ 35. Kf1 Qd1+ 36. Kg2 Qg4+ 37. Kf1 1/2-1/2

[Event "Speed Chess Invitational"]
[Site "chess.com INT"]
[Date "2020.10.25"]
[Round "3.5"]
[White "Duda, Jan-Krzysztof"]
[Black "Grischuk, Alexander"]
[Result "1-0"]
[WhiteTitle "GM"]
[BlackTitle "GM"]
[WhiteElo "2757"]
[BlackElo "2777"]
[WhiteFideId "1170546"]
[BlackFideId "4126025"]
[EventDate "2020.10.25"]

1. e4 c5 2. Nf3 d6 3. d4 cxd4 4. Nxd4 Nf6 5. Nc3 a6 6. h3 e6 7. g4 Be7 8. g5
Nfd7 9. Be3 b5 10. a3 Bb7 11. h4 Nc6 12. Nxc6 Bxc6 13. Qd4 O-O 14. O-O-O Nc5 15.
f3 Rb8 16. Rg1 a5 17. b4 e5 18. Qd2 Ne6 19. Nd5 Bxd5 20. exd5 Nd4 21. Bxd4 exd4
22. bxa5 Qc8 23. h5 Qc5 24. Qb4 Rfc8 25. Bd3 Qxd5 26. f4 Bf8 27. Rge1 Qa2 28.
Qb2 Qd5 29. Be4 Qc5 30. Rxd4 d5 31. Bxd5 g6 32. h6 Qa7 33. Qb3 Rc7 34. Rde4 Qxa5
35. Re8 Rxe8 36. Rxe8 1-0

[Event "Speed Chess Invitational"]
[Site "chess.com INT"]
[Date "2020.10.25"]
[Round "3.6"]
[White "Grischuk, Alexander"]
[Black "Duda, Jan-Krzysztof"]
[Result "1/2-1/2"]
[WhiteTitle "GM"]
[BlackTitle "GM"]
[WhiteElo "2777"]
[BlackElo "2757"]
[WhiteFideId "4126025"]
[BlackFideId "1170546"]
[EventDate "2020.10.25"]

1. d4 d5 2. c4 c6 3. Nf3 Nf6 4. Nc3 e6 5. Bg5 Nbd7 6. e3 Qa5 7. Nd2 dxc4 8. Bxf6
Nxf6 9. Nxc4 Qc7 10. Rc1 Be7 11. g3 O-O 12. Bg2 Bd7 13. O-O Rfd8 14. e4 b5 15.
Ne3 Qb6 16. e5 Nd5 17. Ne4 Be8 18. Nc5 Nxe3 19. fxe3 Bxc5 20. Rxc5 Qxc5 21. dxc5
Rxd1 22. Rxd1 a5 23. Rd6 Rc8 24. h4 g6 25. g4 h6 26. Kf2 Kf8 27. Be4 Ke7 28. Ke2
Rc7 29. Kf3 Rc8 30. Kf4 Rc7 31. g5 h5 32. Kf3 Bd7 33. Ke2 Be8 34. Rd3 Bd7 35.
Ra3 Ra7 36. Kd2 Kd8 37. Kc2 Kc7 38. Rd3 Be8 39. Rd6 Ra8 40. Kc3 Bd7 41. Kd4 Rb8
42. Bd3 Rb7 43. Be2 Rb8 44. Ke4 Rh8 45. Rd3 Ra8 46. Ra3 Kd8 47. b4 a4 48. Rd3
Ke7 49. a3 Rc8 50. Rd6 Be8 51. Kd4 Rc7 52. Bf3 Rc8 53. Be4 Rc7 54. Bd3 Rc8 55.
Ke4 Rc7 56. Kf4 Rc8 57. Be4 Rc7 58. Bf3 Rc8 59. Be2 Rc7 60. Bd3 Rc8 61. Be4 Rc7
62. Bf3 Rc8 63. Be2 Rc7 64. Bd3 1/2-1/2

[Event "Speed Chess Invitational"]
[Site "chess.com INT"]
[Date "2020.10.25"]
[Round "3.7"]
[White "Duda, Jan-Krzysztof"]
[Black "Grischuk, Alexander"]
[Result "1/2-1/2"]
[WhiteTitle "GM"]
[BlackTitle "GM"]
[WhiteElo "2757"]
[BlackElo "2777"]
[WhiteFideId "1170546"]
[BlackFideId "4126025"]
[EventDate "2020.10.25"]

1. Nf3 Nf6 2. c4 g6 3. d4 Bg7 4. g3 O-O 5. Bg2 d6 6. O-O Ne4 7. Nbd2 Nxd2 8.
Bxd2 c5 9. Be3 Nc6 10. Qd2 Bf5 11. Rfd1 Be4 12. dxc5 dxc5 13. Bxc5 Qxd2 14. Rxd2
Rfd8 15. Rad1 Bxb2 16. Rxd8+ Rxd8 17. Rxd8+ Nxd8 18. Bxa7 Bb1 19. a4 Nc6 20. Bc5
Bc2 21. Ne1 Bxa4 22. Bxc6 Bxc6 23. Bxe7 b5 24. Nd3 Bc3 25. cxb5 Bxb5 26. Bc5 f5
27. f3 Kf7 28. Kf2 Ke6 29. Nf4+ Kf7 30. Ke3 Be5 31. Nd3 Bc7 32. Bd4 Bd6 33. Kd2
Ke6 34. Ke3 Kf7 35. Kf2 Ke6 36. Be3 Kf7 37. Bh6 Ke6 38. h3 Kf7 39. g4 Ke6 40.
Ne1 Bc5+ 41. Be3 Bb4 42. Ng2 Bd6 43. g5 Ba6 44. h4 Bb5 45. Bf4 Bc5+ 46. Kg3 Bxe2
47. Be3 Bd6+ 48. Nf4+ Bxf4+ 49. Bxf4 Bd1 50. Kf2 Bb3 51. Kg3 Bd5 52. Kf2 Bc6 53.
Kg3 Bd5 54. Kf2 Bc6 55. Kg3 Bd5 1/2-1/2

[Event "Speed Chess Invitational"]
[Site "chess.com INT"]
[Date "2020.10.25"]
[Round "3.8"]
[White "Grischuk, Alexander"]
[Black "Duda, Jan-Krzysztof"]
[Result "0-1"]
[WhiteTitle "GM"]
[BlackTitle "GM"]
[WhiteElo "2777"]
[BlackElo "2757"]
[WhiteFideId "4126025"]
[BlackFideId "1170546"]
[EventDate "2020.10.25"]

1. d4 Nf6 2. Nf3 d5 3. Bf4 e6 4. Nbd2 Bd6 5. Bg5 h6 6. Bxf6 Qxf6 7. e4 dxe4 8.
Nxe4 Qe7 9. Bd3 Nd7 10. Qe2 Nf6 11. O-O-O Bd7 12. Ne5 O-O-O 13. Nxd6+ cxd6 14.
Nxd7 Rxd7 15. Kb1 d5 16. f4 g6 17. g4 h5 18. h3 Qd6 19. Qf3 Rdd8 20. a3 Kb8 21.
Rhg1 Rdg8 22. Rde1 hxg4 23. hxg4 Rh4 24. f5 exf5 25. gxf5 g5 26. Re5 Rxd4 27.
Rge1 Rh4 28. Re7 g4 29. Qe3 g3 30. Rxf7 g2 31. Ka2 Rh1 32. Rg1 Rxg1 33. Qxg1 Qb6
34. Qh2+ Kc8 35. Qe5 g1=Q 36. Rxf6 Qc7 37. Qe6+ Kb8 38. Rf7 Qcb6 39. Qe5+ Ka8
40. f6 Qgd4 41. Qxd4 Qxd4 0-1

[Event "Speed Chess Invitational"]
[Site "chess.com INT"]
[Date "2020.10.25"]
[Round "3.9"]
[White "Duda, Jan-Krzysztof"]
[Black "Grischuk, Alexander"]
[Result "1-0"]
[WhiteTitle "GM"]
[BlackTitle "GM"]
[WhiteElo "2757"]
[BlackElo "2777"]
[WhiteFideId "1170546"]
[BlackFideId "4126025"]
[EventDate "2020.10.25"]

1. Nf3 Nf6 2. d4 g6 3. c4 Bg7 4. g3 O-O 5. Bg2 d6 6. O-O Nbd7 7. Nc3 e5 8. e4
exd4 9. Nxd4 Re8 10. h3 Nc5 11. Re1 Bd7 12. Nb3 Na4 13. Nxa4 Bxa4 14. Qc2 Nd7
15. Bd2 h5 16. h4 Ne5 17. Bc3 Ng4 18. Bxg7 Kxg7 19. Qc3+ Qf6 20. Qxf6+ Kxf6 21.
Nd4 Rad8 22. b3 Bd7 23. Nb5 Bxb5 24. cxb5 Ne5 25. Rec1 Re7 26. Rc3 a6 27. bxa6
bxa6 28. f4 Ng4 29. Rc6 a5 30. Rac1 Rdd7 31. Ra6 Kg7 32. Rxa5 c5 33. Bf3 f5 34.
exf5 gxf5 35. Bxg4 hxg4 36. Kf2 Re4 37. Re1 Rd4 38. Re2 Rd3 39. Ra8 d5 40. Rc8
d4 41. Rxc5 Rf3+ 42. Kg2 d3 43. Rd2 Kf6 44. Re5 Rc7 45. Rd5 Rc3 46. h5 Re3 47.
Kf2 Rf3+ 48. Kg2 Re3 49. Rd6+ Kg7 50. h6+ Kh7 51. b4 Re2+ 52. Rxe2 dxe2 53. Re6
Rc2 54. Kf2 Rxa2 55. Rxe2 Ra3 56. Rb2 Kxh6 57. b5 Ra7 58. Ke3 Rb7 59. Kd4 Kg6
60. b6 1-0

[Event "Speed Chess Invitational"]
[Site "chess.com INT"]
[Date "2020.10.25"]
[Round "3.10"]
[White "Grischuk, Alexander"]
[Black "Duda, Jan-Krzysztof"]
[Result "1-0"]
[WhiteTitle "GM"]
[BlackTitle "GM"]
[WhiteElo "2777"]
[BlackElo "2757"]
[WhiteFideId "4126025"]
[BlackFideId "1170546"]
[EventDate "2020.10.25"]

1. e4 c5 2. Nf3 d6 3. d4 cxd4 4. Nxd4 Nf6 5. Nc3 a6 6. f3 e5 7. Nb3 Be6 8. Be3
h5 9. Nd5 Nxd5 10. exd5 Bf5 11. Bd3 Bxd3 12. Qxd3 Nd7 13. O-O-O Be7 14. Kb1 O-O
15. h4 f5 16. Nd2 Rc8 17. g3 b5 18. Qe2 Qe8 19. g4 fxg4 20. fxg4 Qg6 21. gxh5
Qxc2+ 22. Ka1 e4 23. h6 Bf6 24. Rb1 Ne5 25. Bd4 Nf3 26. Bxf6 Rxf6 27. hxg7 Qxd2
28. Qxe4 Qd4 29. Qe7 Qe5 30. Qd7 Qf5 31. Qb7 Nd4 32. a3 Rf7 33. Qxa6 Nc2+ 34.
Ka2 Qxd5+ 35. b3 Rf2 36. Qxc8+ Kxg7 37. Rhg1+ Kh7 38. Qc7+ 1-0

[Event "Speed Chess Invitational"]
[Site "chess.com INT"]
[Date "2020.10.25"]
[Round "3.11"]
[White "Duda, Jan-Krzysztof"]
[Black "Grischuk, Alexander"]
[Result "1-0"]
[WhiteTitle "GM"]
[BlackTitle "GM"]
[WhiteElo "2757"]
[BlackElo "2777"]
[WhiteFideId "1170546"]
[BlackFideId "4126025"]
[EventDate "2020.10.25"]

1. Nf3 Nf6 2. c4 g6 3. g3 Bg7 4. Bg2 O-O 5. O-O d6 6. d4 Nbd7 7. Nc3 e5 8. e4
exd4 9. Nxd4 Re8 10. Qc2 Nc5 11. Nb3 Ne6 12. h3 Bd7 13. Be3 Qc8 14. Kh2 a6 15.
a4 a5 16. f4 b6 17. Rae1 Bc6 18. Nd2 Nd7 19. Nd5 Ndc5 20. b3 Nd4 21. Qb1 Qd7 22.
f5 Bxd5 23. cxd5 Be5 24. Nc4 Ncxb3 25. Nxe5 dxe5 26. Qd1 Nc5 27. Qg4 Kh8 28. Rf2
gxf5 29. Qh4 Qd6 30. exf5 f6 31. Bxd4 exd4 32. Re6 Nxe6 33. fxe6 Qe7 34. Qxd4
Rg8 35. Rxf6 Qg7 36. Qf4 Raf8 37. Rf7 Rxf7 38. exf7 Rf8 39. Qxc7 Qxf7 40. Qxb6
Qf6 41. Qxa5 Qd6 42. Qc3+ Qf6 43. Qd3 Qd6 44. a5 Ra8 45. Qc3+ Kg8 46. h4 Ra7 47.
Qc8+ Kg7 48. Qc3+ Kg8 49. Bf3 Rc7 50. Qd2 Rg7 51. Qf2 Rf7 52. Kg2 Qe5 53. a6 Qd6
54. Qa2 Ra7 55. Be2 Kg7 56. Qb2+ Kg8 57. Qd4 Kf8 58. Qxa7 Qxd5+ 59. Kg1 1-0

[Event "Speed Chess Invitational"]
[Site "chess.com INT"]
[Date "2020.10.25"]
[Round "3.1"]
[White "Vidit, Santosh Gujrathi"]
[Black "Karjakin, Sergey"]
[Result "0-1"]
[WhiteTitle "GM"]
[BlackTitle "GM"]
[WhiteElo "2726"]
[BlackElo "2752"]
[WhiteFideId "5029465"]
[BlackFideId "14109603"]
[EventDate "2020.10.25"]

1. d4 Nf6 2. c4 e6 3. Nf3 d5 4. Nc3 Be7 5. Bf4 O-O 6. e3 Nbd7 7. Be2 dxc4 8. O-O
c5 9. dxc5 Nxc5 10. Bxc4 Qxd1 11. Rfxd1 b6 12. Ne5 Bb7 13. f3 Rfd8 14. e4 Ncd7
15. Nxd7 Rxd7 16. Rxd7 Nxd7 17. Rd1 Nf6 18. Be3 Rc8 19. Be2 Kf8 20. Kf2 Bc6 21.
Rc1 Bb7 22. Nb5 Rxc1 23. Bxc1 a6 24. Nd4 Bc5 25. Be3 Nd7 26. Nb3 Bxe3+ 27. Kxe3
Ke7 28. h4 e5 29. g3 f6 30. Nd2 Kd6 31. f4 b5 32. b4 Nb6 33. Nb3 Na4 34. Bg4 Bc6
35. a3 Nc3 36. Nc5 a5 37. fxe5+ fxe5 38. Be2 Nb1 39. Nb3 a4 40. Na5 Nxa3 41. Bd3
Kc7 42. Kd2 Bd7 43. Kc3 Be6 44. Kb2 Nc4+ 45. Bxc4 Bxc4 46. Nxc4 bxc4 47. Kc3 a3 0-1

[Event "Speed Chess Invitational"]
[Site "chess.com INT"]
[Date "2020.10.25"]
[Round "3.2"]
[White "Karjakin, Sergey"]
[Black "Vidit, Santosh Gujrathi"]
[Result "1-0"]
[WhiteTitle "GM"]
[BlackTitle "GM"]
[WhiteElo "2752"]
[BlackElo "2726"]
[WhiteFideId "14109603"]
[BlackFideId "5029465"]
[EventDate "2020.10.25"]

1. e4 e5 2. Nf3 Nc6 3. Bb5 Nf6 4. O-O Nxe4 5. Re1 Nd6 6. Nxe5 Be7 7. Bf1 Nxe5 8.
Rxe5 O-O 9. d4 Ne8 10. Nc3 Bf6 11. Re1 d5 12. Bf4 c6 13. Ne2 Nc7 14. c3 Ne6 15.
Bg3 h5 16. h3 Bg5 17. Nc1 h4 18. Bh2 Bf4 19. Nd3 Bxh2+ 20. Kxh2 Qd6+ 21. Kg1 Nf4
22. Qf3 Nxd3 23. Bxd3 g6 24. Re5 Kg7 25. Rae1 Qf6 26. Qe3 Bd7 27. f4 Rae8 28.
Qf2 Rh8 29. R1e3 Rhf8 30. b4 b6 31. a3 Rh8 32. Qf3 Rhf8 33. Kf2 Rh8 34. Ke1 a5
35. Kf2 axb4 36. axb4 Ra8 37. f5 g5 38. Re7 Rad8 39. R3e5 Bc8 40. b5 Rd7 41.
R5e6 Rxe7 42. Rxf6 Kxf6 43. bxc6 Rd8 44. Qh5 Bxf5 45. Qf3 Re4 46. Bxe4 dxe4 47.
Qe2 e3+ 48. Qxe3 1-0

[Event "Speed Chess Invitational"]
[Site "chess.com INT"]
[Date "2020.10.25"]
[Round "3.3"]
[White "Vidit, Santosh Gujrathi"]
[Black "Karjakin, Sergey"]
[Result "0-1"]
[WhiteTitle "GM"]
[BlackTitle "GM"]
[WhiteElo "2726"]
[BlackElo "2752"]
[WhiteFideId "5029465"]
[BlackFideId "14109603"]
[EventDate "2020.10.25"]

1. d4 Nf6 2. c4 e6 3. Nc3 Bb4 4. f3 d5 5. a3 Be7 6. e4 dxe4 7. fxe4 c5 8. d5
exd5 9. exd5 O-O 10. Be2 Re8 11. Nf3 Bg4 12. O-O Nbd7 13. d6 Bf8 14. h3 Bh5 15.
Nb5 Qb6 16. Nc7 Bxd6 17. Nxa8 Rxa8 18. Nh4 Bg6 19. Nf5 Bxf5 20. Rxf5 Re8 21. Qc2
Ne4 22. Bf4 g6 23. Bxd6 gxf5 24. Bf4 Ne5 25. Rd1 Nc6 26. Bh5 Nd4 27. Qa4 Rd8 28.
Kh2 Qxb2 29. Qxa7 Qf2 30. Bc7 f4 31. Bxd8 Qg3+ 32. Kg1 f3 33. Bxf3 Nxf3+ 0-1

[Event "Speed Chess Invitational"]
[Site "chess.com INT"]
[Date "2020.10.25"]
[Round "3.4"]
[White "Karjakin, Sergey"]
[Black "Vidit, Santosh Gujrathi"]
[Result "1-0"]
[WhiteTitle "GM"]
[BlackTitle "GM"]
[WhiteElo "2752"]
[BlackElo "2726"]
[WhiteFideId "14109603"]
[BlackFideId "5029465"]
[EventDate "2020.10.25"]

1. e4 c5 2. Nf3 d6 3. d4 cxd4 4. Nxd4 Nf6 5. Nc3 Nc6 6. Bg5 e6 7. Qd2 a6 8.
O-O-O Bd7 9. f4 b5 10. Bxf6 gxf6 11. Kb1 Qb6 12. Nxc6 Bxc6 13. Bd3 Qc5 14. f5 b4
15. Ne2 e5 16. Ng3 h5 17. h4 Bh6 18. Qe2 Qe3 19. Nxh5 Ke7 20. Qf1 Rhg8 21. Rh3
Qc5 22. Qe2 a5 23. g4 a4 24. Nxf6 Kxf6 25. g5+ Bxg5 26. hxg5+ Rxg5 27. Bc4 Rag8
28. Rh6+ Ke7 29. Rhxd6 Qxd6 30. Rxd6 Kxd6 31. a3 Rg1+ 32. Ka2 Rh1 33. Qd2+ Kc7
34. Qxb4 Rgg1 35. Qe7+ Kb6 36. b4 Rg2 37. Qc5+ Kb7 38. Bd3 f6 39. b5 Bd7 40. Qe7
Kc8 41. Kb2 Rgg1 42. Qf8+ Kc7 43. Qxf6 Rb1+ 44. Kc3 Ra1 45. Qxe5+ Kb6 46. Kb4
Rhb1+ 47. Kxa4 Bc8 48. Qd6+ Kb7 49. Qc6+ Kb8 50. f6 Bb7 51. Qd6+ Ka7 52. f7 Rf1
53. Qc5+ Kb8 54. f8=Q+ Rxf8 55. Qxf8+ 1-0

[Event "Speed Chess Invitational"]
[Site "chess.com INT"]
[Date "2020.10.25"]
[Round "3.5"]
[White "Vidit, Santosh Gujrathi"]
[Black "Karjakin, Sergey"]
[Result "0-1"]
[WhiteTitle "GM"]
[BlackTitle "GM"]
[WhiteElo "2726"]
[BlackElo "2752"]
[WhiteFideId "5029465"]
[BlackFideId "14109603"]
[EventDate "2020.10.25"]

1. e4 e5 2. Nf3 Nc6 3. Bc4 Bc5 4. O-O Nf6 5. d3 d6 6. c3 a6 7. Re1 Ba7 8. Bb3
O-O 9. h3 h6 10. Nbd2 Re8 11. Nf1 Be6 12. Bc2 d5 13. Qe2 d4 14. Ng3 Bc5 15. Bd2
Qd7 16. Nh4 Bf8 17. Qf3 Nh7 18. Nhf5 Kh8 19. h4 Rad8 20. h5 b5 21. a3 Ne7 22.
cxd4 exd4 23. Bb4 Nxf5 24. Nxf5 c5 25. Ba5 Rc8 26. Rad1 Bxf5 27. exf5 Nf6 28.
Bd2 Bd6 29. Rxe8+ Rxe8 30. Bb3 Kh7 31. g4 c4 32. dxc4 Re4 33. Kf1 Rxg4 34. Re1
Rh4 35. Rc1 bxc4 36. Bxc4 Rxh5 37. Bxa6 Rh4 38. Bd3 Ng4 39. Qc6 Qd8 40. f6+ g6
41. Kg1 Qxf6 0-1

[Event "Speed Chess Invitational"]
[Site "chess.com INT"]
[Date "2020.10.25"]
[Round "3.6"]
[White "Karjakin, Sergey"]
[Black "Vidit, Santosh Gujrathi"]
[Result "0-1"]
[WhiteTitle "GM"]
[BlackTitle "GM"]
[WhiteElo "2752"]
[BlackElo "2726"]
[WhiteFideId "14109603"]
[BlackFideId "5029465"]
[EventDate "2020.10.25"]

1. e4 c5 2. Nf3 d6 3. d4 cxd4 4. Nxd4 Nf6 5. Nc3 Nc6 6. Bg5 e6 7. Qd2 a6 8.
O-O-O Bd7 9. f4 b5 10. Bxf6 gxf6 11. Kb1 Qb6 12. Nxc6 Bxc6 13. f5 h5 14. fxe6
fxe6 15. Bd3 b4 16. Ne2 Bh6 17. Qe1 Qc5 18. Rf1 Ke7 19. b3 Bb5 20. Qh4 Bg5 21.
Qh3 Rhc8 22. Nd4 Qxd4 23. Bxb5 Qxe4 24. Bc4 Rxc4 25. bxc4 Rc8 26. Qxh5 Rxc4 27.
Rf2 Rd4 28. Rdf1 Qh4 29. Qxh4 Rxh4 30. g3 Rh3 31. Kb2 Be3 32. Re2 Bc5 33. Kb3 e5
34. Ka4 Ke6 35. g4 Ra3# 0-1

[Event "Speed Chess Invitational"]
[Site "chess.com INT"]
[Date "2020.10.25"]
[Round "3.7"]
[White "Vidit, Santosh Gujrathi"]
[Black "Karjakin, Sergey"]
[Result "1-0"]
[WhiteTitle "GM"]
[BlackTitle "GM"]
[WhiteElo "2726"]
[BlackElo "2752"]
[WhiteFideId "5029465"]
[BlackFideId "14109603"]
[EventDate "2020.10.25"]

1. d4 Nf6 2. c4 e6 3. Nc3 Bb4 4. f3 d5 5. a3 Bxc3+ 6. bxc3 Nbd7 7. cxd5 exd5 8.
e3 c5 9. Bd3 Qa5 10. Bd2 O-O 11. Ne2 Re8 12. O-O Qc7 13. Ng3 Nf8 14. e4 cxd4 15.
cxd4 dxe4 16. fxe4 Ng6 17. e5 Nd5 18. Ne4 Qb6 19. Qa4 Bd7 20. Qxd7 Qxd4+ 21. Nf2
Nxe5 22. Qh3 g6 23. Rae1 Nxd3 24. Qxd3 Qxd3 25. Nxd3 f5 26. Rxe8+ Rxe8 27. Kf2
Rd8 28. Bg5 Rd7 29. Rc1 Kg7 30. Ne5 Rd6 31. Rc8 h6 32. Bc1 Nf6 33. Rc7+ Kg8 34.
Rxb7 Ne4+ 35. Ke2 g5 36. Rxa7 Rd5 37. Nd3 Nc3+ 38. Kd2 Ne4+ 39. Kc2 f4 40. Bb2
Rd6 41. Rg7+ Kf8 42. Rc7 1-0

[Event "Speed Chess Invitational"]
[Site "chess.com INT"]
[Date "2020.10.25"]
[Round "3.8"]
[White "Karjakin, Sergey"]
[Black "Vidit, Santosh Gujrathi"]
[Result "1-0"]
[WhiteTitle "GM"]
[BlackTitle "GM"]
[WhiteElo "2752"]
[BlackElo "2726"]
[WhiteFideId "14109603"]
[BlackFideId "5029465"]
[EventDate "2020.10.25"]

1. e4 c5 2. Nf3 d6 3. d4 cxd4 4. Nxd4 Nf6 5. Nc3 Nc6 6. Bg5 e6 7. Qd2 a6 8.
O-O-O Bd7 9. f4 b5 10. Bxf6 gxf6 11. Kb1 Qb6 12. Nxc6 Bxc6 13. f5 h5 14. fxe6
fxe6 15. Qe1 Kf7 16. Bd3 Bh6 17. Rf1 Qe3 18. Ne2 Bxe4 19. Bxe4 Qxe4 20. Qf2 f5
21. Rd3 d5 22. Nd4 Rae8 23. Re1 Qf4 24. Rf3 Qd6 25. a3 Bg7 26. c3 Bf6 27. g3
Rhg8 28. h3 Be5 29. Qe2 Bxd4 30. cxd4 Rxg3 31. Rxf5+ exf5 32. Qxe8+ Kf6 33. Qxh5
Qf4 34. Qh8+ Kg6 35. Re6+ Kf7 36. Qe8+ Kg7 37. Qe7+ Kg8 38. Qd8+ Kg7 39. Qf6+
Kg8 40. Re8+ Kh7 41. Rh8# 1-0

[Event "Speed Chess Invitational"]
[Site "chess.com INT"]
[Date "2020.10.25"]
[Round "3.9"]
[White "Vidit, Santosh Gujrathi"]
[Black "Karjakin, Sergey"]
[Result "0-1"]
[WhiteTitle "GM"]
[BlackTitle "GM"]
[WhiteElo "2726"]
[BlackElo "2752"]
[WhiteFideId "5029465"]
[BlackFideId "14109603"]
[EventDate "2020.10.25"]

1. d4 Nf6 2. c4 e6 3. Nc3 Bb4 4. f3 d5 5. a3 Be7 6. e4 dxe4 7. fxe4 c5 8. d5
exd5 9. exd5 O-O 10. Be2 Re8 11. Nf3 Bg4 12. O-O a6 13. Bg5 Nbd7 14. h3 Bxf3 15.
Rxf3 Bd6 16. Qc2 h6 17. Bh4 Be5 18. Raf1 Qc7 19. Kh1 Re7 20. Bd3 Rae8 21. Bf5 g5
22. Bf2 Bd6 23. Bd3 Nh5 24. Ne4 Ne5 25. Nxd6 Qxd6 26. Rf5 Nf4 27. Rxf4 gxf4 28.
Bh4 f6 29. Bf5 Rg7 30. Be6+ Rxe6 31. dxe6 f3 32. gxf3 Qxe6 33. Kh2 Qd6 34. f4
Nc6 35. Qe4 Qd2+ 36. Rf2 Qd1 37. Qd5+ Qxd5 38. cxd5 Nd4 39. Bxf6 Rd7 40. Rg2+
Kf8 41. d6 Rxd6 42. Be5 Rd5 43. Bg7+ Kf7 44. Bxh6 Nf5 45. Bg5 b5 46. h4 c4 47.
h5 a5 48. h6 Nxh6 49. Kg3 Nf5+ 50. Kf3 Rd3+ 51. Ke4 Ke6 0-1

[Event "Speed Chess Invitational"]
[Site "chess.com INT"]
[Date "2020.10.25"]
[Round "3.10"]
[White "Karjakin, Sergey"]
[Black "Vidit, Santosh Gujrathi"]
[Result "0-1"]
[WhiteTitle "GM"]
[BlackTitle "GM"]
[WhiteElo "2752"]
[BlackElo "2726"]
[WhiteFideId "14109603"]
[BlackFideId "5029465"]
[EventDate "2020.10.25"]

1. e4 c5 2. Nf3 d6 3. Bb5+ Nd7 4. O-O a6 5. Bd3 Ngf6 6. c3 b5 7. Bc2 Bb7 8. Re1
c4 9. a4 e6 10. axb5 axb5 11. Rxa8 Qxa8 12. Na3 Bxe4 13. Bxe4 Nxe4 14. Nxb5 Qb7
15. Nbd4 Ndc5 16. Rf1 d5 17. Ne1 Qa6 18. f3 Nd6 19. Qc2 Be7 20. b4 Nd7 21. d3
O-O 22. dxc4 Qxc4 23. Qd3 Qc7 24. Nec2 Ne5 25. Qd2 Rc8 26. f4 Nec4 27. Qe1 Ne4
28. f5 e5 29. f6 Bxf6 30. Nf5 Ncd6 31. Nce3 Nxf5 32. Rxf5 Qxc3 0-1

[Event "Speed Chess Invitational"]
[Site "chess.com INT"]
[Date "2020.10.25"]
[Round "3.11"]
[White "Vidit, Santosh Gujrathi"]
[Black "Karjakin, Sergey"]
[Result "1/2-1/2"]
[WhiteTitle "GM"]
[BlackTitle "GM"]
[WhiteElo "2726"]
[BlackElo "2752"]
[WhiteFideId "5029465"]
[BlackFideId "14109603"]
[EventDate "2020.10.25"]

1. d4 d5 2. c4 c6 3. Nf3 Nf6 4. Nc3 e6 5. e3 Nbd7 6. Qc2 Bd6 7. b3 O-O 8. Be2 b6
9. O-O Bb7 10. a4 Qe7 11. a5 Rab8 12. Bb2 Rfd8 13. Rfd1 h6 14. Bf1 Bb4 15. axb6
axb6 16. Ra7 Qe8 17. Rda1 c5 18. Na2 dxc4 19. Nxb4 cxb3 20. Qxb3 Bxf3 21. gxf3
cxb4 22. Qxb4 Ra8 23. Bb5 Rxa7 24. Rxa7 Qf8 25. Ba3 Qxb4 26. Bxb4 Nd5 27. Bd6
N7f6 28. Be5 Nc3 29. Ba6 b5 30. Rb7 Ra8 31. Bxb5 Nxb5 32. Rxb5 Nd5 33. e4 Ne7
34. d5 exd5 35. exd5 f6 36. Bc7 Ra1+ 37. Kg2 Rd1 38. d6 Ng6 39. h3 Nf4+ 40. Kh2
Kf7 41. Rb7 Ke6 42. Bb8 g5 43. Re7+ Kf5 44. d7 Ng6 45. Rf7 Ne5 46. Rh7 Nxd7 47.
Bg3 Kg6 48. Re7 Rd5 49. Kg2 h5 50. f4 gxf4 51. Bxf4 Ne5 52. Bg3 Nd3 53. Kf3 Nc5
54. Ke3 Rf5 55. h4 Rd5 56. Ra7 Rd3+ 57. Ke2 Rd5 58. Kf3 Rf5+ 59. Kg2 Rd5 60. Ra5
Rf5 61. f3 Ne6 62. Ra6 Nf4+ 63. Kh2 Ne2 64. Kg2 Nxg3 65. Kxg3 Re5 66. Kf4 Rd5
67. Rb6 Rf5+ 68. Kg3 Ra5 69. Rc6 Ra4 70. Rb6 Ra3 71. Rd6 Ra4 72. Rb6 Ra3 73. Rd6
Ra4 74. Rd3 Ra5 75. Rd1 Ra4 76. Rb1 Ra3 77. Rb5 Ra4 78. Kf2 Ra3 79. Kg3 Ra4 80.
Rc5 Ra3 81. Rd5 Ra4 82. Rb5 Ra3 83. Rc5 Ra4 84. f4 Ra3+ 85. Kg2 Ra2+ 86. Kf3
Ra3+ 87. Kg2 Ra2+ 88. Kg3 Ra3+ 89. Kg2 1/2-1/2

[Event "Speed Chess Invitational"]
[Site "chess.com INT"]
[Date "2020.10.25"]
[Round "4.1"]
[White "Duda, Jan-Krzysztof"]
[Black "Karjakin, Sergey"]
[Result "1/2-1/2"]
[WhiteTitle "GM"]
[BlackTitle "GM"]
[WhiteElo "2757"]
[BlackElo "2752"]
[WhiteFideId "1170546"]
[BlackFideId "14109603"]
[EventDate "2020.10.25"]

1. e4 e5 2. Nf3 Nc6 3. Bc4 Bc5 4. c3 Nf6 5. d3 d6 6. O-O a6 7. a4 Ba7 8. Re1 h6
9. Nbd2 O-O 10. Nf1 Re8 11. Ng3 Be6 12. Bxe6 Rxe6 13. b4 d5 14. Qc2 dxe4 15.
dxe4 Ne7 16. Bb2 c5 17. Rad1 Qb6 18. a5 Qc6 19. Qb3 Ng6 20. Bc1 Ng4 21. Rf1 Rc8
22. h3 Nf6 23. Rfe1 Nf4 24. Qa2 c4 25. Be3 Bxe3 26. Rxe3 g6 27. Qc2 Kg7 28. Ne2
Nd3 29. Nc1 Nxe4 30. Nxd3 cxd3 31. Rdxd3 Rc7 32. Qb3 f5 33. Nd2 Nxd2 34. Rxd2 e4
35. Rc2 Rd6 36. c4 Rd1+ 37. Kh2 Qd6+ 38. g3 Qd4 39. Qc3 Qxc3 40. Rexc3 Kf6 41.
c5 Rc6 42. Rb3 Rd5 43. b5 Rcxc5 44. Rxc5 Rxc5 45. bxa6 bxa6 46. Rb6+ Kg5 47.
Rxa6 Rc2 48. Kg1 Ra2 49. Ra8 h5 50. Ra6 h4 51. gxh4+ Kh5 52. Kf1 Kxh4 53. Rxg6
Rxa5 54. f4 Kxh3 55. Rg5 Kh4 56. Kf2 Ra3 57. Rxf5 Kg4 58. Rf8 Rf3+ 59. Ke2 Rxf4
60. Rg8+ Kf5 61. Ke3 Rf3+ 62. Ke2 Ra3 63. Rf8+ Kg4 64. Rg8+ Kf4 65. Rf8+ Kg4 66.
Rg8+ Kf4 67. Rf8+ Kg4 1/2-1/2